000 00709cam a2200265 a 4500
999 _c4063
_d4063
001 21573
003 GBCCL
005 20241126110510.0
008 760930t19651965txu 000 0aeng
010 _a 65009347
029 1 _aNLGGC
_b781463343
035 _a(OCoLC)ocm02044180
040 _aDLC
_cDLC
_dLBB
049 _aLBBK
_aLBBA
050 0 0 _aBV4501.2
_b.M483 1965
082 0 0 _a248.4
_bMIL
090 _aBR1725
_b.M45 A5
100 1 _aMiller, Keith.
_96318
245 1 4 _aThe taste of new wine /
_cby Keith Miller.
260 _aWaco, Tex. :
_bWord Books,
_c1966, c1965.
300 _a116 p. ;
_c21 cm.
500 _aSequel: A second touch.
600 1 0 _aMiller, Keith.
_96318
942 _2ddc
_cBK
_01